[Event "Druzynowe Mistrzostwa Polski Juniorow - II liga"]
[Site "Sypniewo k. Jastowia"]
[Date "2024-06-17"]
[Round "4.68"]
[White "Penar, Marcin"]
[Black "Rygiel, Kacper"]
[Result "1-0"]
[WhiteTitle "II"]
[BlackTitle "II"]
[WhiteElo "1715"]
[BlackElo "1563"]

1. d4 d5 2. Bf4 Nf6 3. e3 Bf5 4. Nd2 e6 5. Ngf3 Bd6 6. Ne5 O-O 7. Be2 c5 8. c3
Nc6 9. h4 h6 10. g4 Bh7 11. g5 hxg5 12. hxg5 Bxe5 13. Bxe5 Nd7 14. Bd6 Re8 15.
Rxh7 Kxh7 16. Bd3+ Kg8 17. Qh5 f5 18. O-O-O Nf6 19. gxf6 Qxf6 20. Rh1 Rad8 21.
dxc5 Rd7 22. Qxe8+ 1-0

[Event "Druzynowe Mistrzostwa Polski Juniorow - II liga"]
[Site "Sypniewo k. Jastowia"]
[Date "2024-06-17"]
[Round "4.69"]
[White "Owczarek, Marcin"]
[Black "Balis, Sebastian"]
[Result "1-0"]
[WhiteTitle "II"]
[BlackTitle "I"]
[WhiteElo "1690"]
[BlackElo "1675"]

1. e4 c5 2. Nf3 e6 3. d4 cxd4 4. Nxd4 a6 5. Bd3 Nc6 6. Nxc6 dxc6 7. O-O e5 8. Be3
Nf6 9. h3 Be7 10. Nd2 Qc7 11. a4 O-O 12. a5 c5 13. Nc4 Be6 14. Nb6 Rad8 15. Qe2
Nd7 16. Nd5 Bxd5 17. exd5 e4 18. Bxe4 Nf6 19. Qc4 Qe5 20. Bf3 Rd6 21. b3 Nxd5
22. Bxd5 Qxd5 23. Qxd5 Rxd5 24. Rfd1 Rfd8 25. Rxd5 Rxd5 26. Kf1 Bf6 27. Rb1 Bc3
28. Ke2 Bxa5 29. c4 Re5 30. Rd1 h5 31. Rd7 b5 32. Ra7 Re6 33. cxb5 Rb6 34. Ra8+
Kh7 35. bxa6 Rxb3 36. a7 Bb6 37. Rb8 Rxe3+ 38. fxe3 Bxa7 39. Rb7 1-0

[Event "Druzynowe Mistrzostwa Polski Juniorow - II liga"]
[Site "Sypniewo k. Jastowia"]
[Date "2024-06-17"]
[Round "4.70"]
[White "Schiller, Marcin"]
[Black "Slys, Jan"]
[Result "1/2-1/2"]
[WhiteTitle "II+"]
[BlackTitle "II"]
[WhiteElo "1636"]
[BlackElo "1625"]

1. d4 Nf6 2. c4 g6 3. Nc3 d5 4. cxd5 Nxd5 5. e4 Nxc3 6. bxc3 Bg7 7. Be3 c5 8. Qd2
O-O 9. Nf3 Bg4 10. Be2 cxd4 11. cxd4 Nc6 12. Rd1 e6 13. O-O Rc8 14. d5 exd5 15.
exd5 Bxf3 16. Bxf3 Ne5 17. Be2 Re8 18. Qb4 b6 19. Ba6 Rc2 20. d6 Nd7 21. Rc1 Rxc1
22. Rxc1 Qb8 23. Qb5 Qxd6 24. Qa4 Rxe3 25. fxe3 Qd2 26. Rf1 Qxe3+ 27. Kh1 Nc5
28. Qc4 Qe7 29. Bb5 h6 30. Qf4 Ne6 31. Qb8+ Kh7 32. Qe8 Qxe8 33. Bxe8 f5 34. Re1
Nc7 35. Bc6 Bf6 36. Rd1 Kg8 37. Rd7 Be5 38. Rd3 Kf7 39. Ra3 a6 40. Bb7 a5 41.
Bc6 Kf6 42. Rb3 Bd4 43. Rd3 Ke5 44. Rg3 Kf6 45. a4 h5 46. Rd3 Ke5 47. g3 g5 48.
Kg2 Nd5 49. Bxd5 Kxd5 50. Kf3 Kc4 51. Rd1 Kd5 52. Rd2 Kc4 1/2-1/2

[Event "Druzynowe Mistrzostwa Polski Juniorow - II liga"]
[Site "Sypniewo k. Jastowia"]
[Date "2024-06-17"]
[Round "4.71"]
[White "Kucia, Kinga"]
[Black "Kretowicz, Daria"]
[Result "1-0"]
[WhiteTitle "I"]
[BlackTitle "I"]
[WhiteElo "1550"]
[BlackElo "1544"]

1. d4 Nf6 2. c4 c5 3. d5 b5 4. Qc2 d6 5. e4 g6 6. h3 Bg7 7. Nf3 bxc4 8. Bxc4 Nbd7
9. O-O O-O 10. Re1 Qc7 11. Na3 a6 12. Bd2 Bb7 13. Bc3 Rfb8 14. Rad1 Nb6 15. Bd3
Rc8 16. Nc4 Nxc4 17. Bxc4 a5 18. e5 Ne8 19. e6 f6 20. Bb5 Ba6 21. Bc6 Ra7 22.
Qa4 Bb7 23. Bxe8 Rca8 24. Qd7 Qd8 25. Qxd8 Rxd8 26. Bd7 Rda8 27. Re4 a4 28. a3
Bc8 29. Bxc8 Rxc8 30. Rc4 Rb8 31. Nd2 Bh6 32. Ne4 f5 33. Ng3 Rb3 34. Ne2 Kf8 35.
Rh4 Bg7 36. Bxg7+ Kxg7 37. Rd2 Kg8 38. Nc3 g5 39. Rc4 1-0

[Event "Druzynowe Mistrzostwa Polski Juniorow - II liga"]
[Site "Sypniewo k. Jastowia"]
[Date "2024-06-17"]
[Round "4.73"]
[White "Niesporek, Franciszek"]
[Black "Panasiuk, Piotr"]
[Result "0-1"]
[WhiteTitle "I"]
[BlackTitle "II"]
[WhiteElo "1782"]
[BlackElo "1517"]

1. e4 e6 2. d4 d5 3. e5 c5 4. c3 Nc6 5. Nf3 cxd4 6. cxd4 Nge7 7. Na3 Nf5 8. Nc2
Bd7 9. Be2 Qb6 10. O-O h5 11. Bd3 Be7 12. Bxf5 exf5 13. Re1 Be6 14. Rb1 O-O-O
15. b4 h4 16. h3 Rdg8 17. Ng5 Qd8 18. f4 g6 19. a4 Rh5 20. Qd2 Qb6 21. Re3 Rxg5
22. fxg5 Bxg5 23. Qc3 Bxe3+ 24. Bxe3 Kb8 25. Bg5 Rc8 26. Qd2 Na5 27. Bxh4 Nc4
28. Qd3 f4 29. Rc1 Bf5 30. Qb3 Ne3 0-1

[Event "Druzynowe Mistrzostwa Polski Juniorow - II liga"]
[Site "Sypniewo k. Jastowia"]
[Date "2024-06-17"]
[Round "4.74"]
[White "Tanski, Wojciech"]
[Black "Zimny, Karol"]
[Result "0-1"]
[WhiteTitle "III"]
[BlackTitle "II"]
[WhiteElo "1441"]
[BlackElo "1725"]

1. d4 c5 2. c3 Nf6 3. Bf4 Qb6 4. Qb3 Qxb3 5. axb3 cxd4 6. cxd4 Nc6 7. e3 d6 8.
Nf3 g6 9. Nc3 Bg7 10. Bb5 O-O 11. O-O Bd7 12. Rfc1 a6 13. Be2 Be6 14. Nd2 Nd5
15. Bg3 f5 16. Bc4 Ncb4 17. Ra5 b5 18. Nxd5 Bxd5 19. Bxd5+ Nxd5 20. Rc6 Nb4 21.
Rc7 Bf6 22. Rc1 Rac8 23. Rc3 e5 24. dxe5 dxe5 25. f3 Rcd8 26. Be1 e4 27. Rc7 Bxb2
28. fxe4 fxe4 29. g3 Nd3 30. Rc2 Nxe1 31. Rxb2 Rxd2 32. Rxd2 Nf3+ 33. Kg2 Nxd2
34. Rxa6 Nxb3 35. Rb6 Rf5 36. Re6 Nd2 37. Re8+ Kf7 38. Rd8 Nc4 39. Rd7+ Kg8 40.
Rd8+ Kg7 41. Rd7+ Rf7 42. Rd5 Nxe3+ 0-1

[Event "Druzynowe Mistrzostwa Polski Juniorow - II liga"]
[Site "Sypniewo k. Jastowia"]
[Date "2024-06-17"]
[Round "4.75"]
[White "Lassak, Franciszek"]
[Black "Kopacki, Aleksander"]
[Result "1/2-1/2"]
[WhiteTitle "II"]
[BlackTitle "I"]
[WhiteElo "1533"]
[BlackElo "1782"]

1. d4 d5 2. Nf3 Nf6 3. c3 c6 4. Bf4 Bf5 5. e3 Ne4 6. Bd3 e6 7. Qc2 Be7 8. h3 g5
9. Bh2 h5 10. Nbd2 Nxd2 11. Nxd2 Bxd3 12. Qxd3 Qb6 13. O-O-O Qa6 14. Qxa6 Nxa6
15. e4 b5 16. exd5 cxd5 17. Nf3 f6 18. Ne1 Rc8 19. Nd3 Rc6 20. f4 gxf4 21. Nxf4
Kd7 22. g4 hxg4 23. hxg4 b4 24. Kd2 bxc3+ 25. bxc3 Rb6 26. Rc1 Rh4 27. g5 fxg5
28. Ng6 Rh7 29. Be5 Rb2+ 30. Kd3 Rf7 31. Rcf1 Rxf1 32. Rxf1 Ke8 33. Rh1 Rb7 34.
Nxe7 1/2-1/2

[Event "Druzynowe Mistrzostwa Polski Juniorow - II liga"]
[Site "Sypniewo k. Jastowia"]
[Date "2024-06-17"]
[Round "4.76"]
[White "Tanski, Jakub"]
[Black "Karnowka, Kacper"]
[Result "1/2-1/2"]
[WhiteTitle "III"]
[BlackTitle "II"]
[WhiteElo "1416"]
[BlackElo "1510"]

1. e4 c5 2. Nf3 Nc6 3. Bb5 a6 4. Bxc6 bxc6 5. O-O d5 6. exd5 cxd5 7. d3 e6 8. Bf4
g6 9. Re1 Bg7 10. Nc3 Nf6 11. h3 O-O 12. Qd2 Qa5 13. Be5 Qd8 14. d4 c4 15. Rad1
Bb7 16. Bxf6 Bxf6 17. Ne2 Rb8 18. c3 Bc6 19. Ng3 Rb6 20. Rb1 a5 21. Re2 Qe7 22.
Ne5 Rfb8 23. Nxc6 Rxc6 24. Qf4 Rcb6 25. Qd2 a4 26. Qc1 a3 27. Nf1 Bg7 28. Ne3
Bf8 29. Nd1 Qb7 30. Kf1 h5 31. Qf4 Qa7 32. Ke1 R8b7 33. Kf1 axb2 34. Qd2 Qxa2
35. Rxb2 Rxb2 36. Nxb2 Ba3 37. Nd1 Qb3 38. Ke1 Kg7 39. Qa2 Bd6 40. Qa6 Qb6 41.
Qxb6 Rxb6 42. Rb2 Rxb2 43. Nxb2 Kf6 44. Ke2 e5 45. Ke3 Ke6 46. dxe5 Bxe5 47. Nd1
g5 48. g3 f5 49. f4 gxf4+ 50. gxf4 Bf6 51. Kd2 Kd6 52. Nb2 Kc5 53. Nd1 d4 54.
Kc2 dxc3 55. Ne3 h4 56. Nxf5 Kd5 57. Ne3+ Kd4 58. Ng4 Ke4 59. Nxf6+ Kxf4 60. Nh7
Kg3 61. Nf8 Kxh3 62. Ng6 Kg3 63. Nxh4 Kxh4 1/2-1/2

[Event "Druzynowe Mistrzostwa Polski Juniorow - II liga"]
[Site "Sypniewo k. Jastowia"]
[Date "2024-06-17"]
[Round "4.77"]
[White "Nieckarz, Maja"]
[Black "Woytitzki, Maja"]
[Result "1-0"]
[WhiteTitle "I++"]
[BlackTitle "I"]
[WhiteElo "1745"]
[BlackElo "1544"]

1. e4 c5 2. Nf3 d6 3. d4 cxd4 4. Nxd4 Nf6 5. Nc3 a6 6. h3 e6 7. g4 h6 8. Bg2 Be7
9. O-O Nbd7 10. Be3 Nb6 11. Qd3 d5 12. exd5 Nbxd5 13. Rad1 O-O 14. Ne4 Qc7 15.
Nxf6+ Nxf6 16. c3 Rd8 17. Qe2 Bd7 18. b3 Rac8 19. Rfe1 Bc6 20. Nxc6 bxc6 21. Rxd8+
Rxd8 22. Rd1 Rd6 23. Rxd6 Bxd6 24. c4 Be5 25. c5 Bf4 26. Bxf4 Qxf4 27. Qxa6 Qc1+
28. Bf1 Qxc5 29. Qc4 Qd6 30. a4 Nd7 31. a5 Ne5 32. Qe4 Nd7 33. a6 Qc7 34. Qa4
Ne5 35. Bg2 Qc8 36. a7 Qa8 37. Qd4 f6 38. Qb6 Nd7 39. Qc7 Qe8 40. Bxc6 1-0

[Event "Druzynowe Mistrzostwa Polski Juniorow - II liga"]
[Site "Sypniewo k. Jastowia"]
[Date "2024-06-17"]
[Round "4.79"]
[White "Mosny, Kamil"]
[Black "Skrzypinski, Jan"]
[Result "1/2-1/2"]
[WhiteTitle "I"]
[BlackTitle "I++"]
[WhiteElo "1943"]
[BlackElo "1942"]

1. d4 Nf6 2. c4 g6 3. Nc3 Bg7 4. e4 d6 5. Nf3 O-O 6. Be2 e5 7. dxe5 dxe5 8. Qxd8
Rxd8 9. Bg5 c6 10. Nxe5 Re8 11. O-O-O h6 12. Bf4 Na6 13. g4 Nc5 14. f3 h5 15.
h3 Ne6 16. Bg3 Bh6+ 17. Kb1 Nf4 18. Bxf4 Bxf4 19. Nd3 Bc7 20. g5 Nd7 21. f4 Nf8
22. e5 Bf5 23. Bf3 Red8 24. Be4 Bxe4 25. Nxe4 Rd4 26. Nf6+ Kg7 27. b3 Ne6 28.
Rhf1 Rad8 29. Kc2 a5 30. h4 Kh8 31. c5 Ng7 32. Rf3 Nf5 33. Rh3 b6 34. cxb6 Bxb6
35. Re1 Ng7 36. Re4 Ne6 37. Rxd4 Nxd4+ 38. Kd2 a4 39. bxa4 c5 40. Kc3 Ne6 41.
Kc4 Ra8 42. Rh1 Rxa4+ 43. Kb5 Ra3 44. Kxb6 Rxd3 45. a4 Rb3+ 46. Kc6 c4 47. a5
c3 48. a6 c2 49. a7 Ra3 50. Kb7 Rb3+ 51. Kc8 Rc3+ 1/2-1/2

[Event "Druzynowe Mistrzostwa Polski Juniorow - II liga"]
[Site "Sypniewo k. Jastowia"]
[Date "2024-06-17"]
[Round "4.80"]
[White "Stachowiak, Bruno"]
[Black "Bochenek, Piotr"]
[Result "1-0"]
[WhiteTitle "II+"]
[BlackTitle "II+"]
[WhiteElo "1815"]
[BlackElo "1796"]

1. e4 c5 2. Nf3 Nc6 3. Bb5 g6 4. O-O Bg7 5. Bxc6 dxc6 6. d3 Nf6 7. a4 O-O 8. h3
Qc7 9. Be3 Nh5 10. Bxc5 Bxb2 11. Ra2 Bg7 12. Bd4 e5 13. Bc5 Re8 14. Nbd2 b6 15.
Be3 Be6 16. Ra1 Rad8 17. Ng5 Bc8 18. a5 h6 19. axb6 axb6 20. Ngf3 Nf4 21. Nc4
c5 22. Rb1 Ba6 23. Nxb6 Qc6 24. Bxf4 exf4 25. Nd5 Rxd5 26. exd5 Qxd5 27. Re1 Rd8
28. Rb6 Bc8 29. Qe2 Bc3 30. Reb1 Be6 31. Rb8 Rxb8 32. Rxb8+ Kg7 33. Rb3 Bf6 34.
c4 Qd6 35. Nd2 Bd4 36. Ne4 Qe5 37. Qf3 g5 38. Rb7 Kg6 39. Rb6 Kg7 40. Rb7 Kg6
41. Rb6 Kg7 42. Qh5 Qc7 43. Rb5 Qe5 44. h4 Bxc4 45. hxg5 Bxf2+ 46. Nxf2 Qe1+ 47.
Kh2 Bxb5 48. Qxh6+ Kg8 49. Ne4 f5 50. g6 1-0

[Event "Druzynowe Mistrzostwa Polski Juniorow - II liga"]
[Site "Sypniewo k. Jastowia"]
[Date "2024-06-17"]
[Round "4.81"]
[White "Czech, Emil"]
[Black "Soroczynski, Mateusz"]
[Result "0-1"]
[WhiteTitle "II+"]
[BlackTitle "II"]
[WhiteElo "1680"]
[BlackElo "1557"]

1. e4 c5 2. Nf3 Nc6 3. d4 cxd4 4. Nxd4 g6 5. c4 Nf6 6. Nc3 d6 7. f3 Nxd4 8. Qxd4
Bg7 9. Be3 O-O 10. Qd2 Be6 11. Rc1 Nd7 12. Be2 Ne5 13. Nd5 Rc8 14. b3 b6 15. O-O
f5 16. exf5 Bxf5 17. Bg5 Nc6 18. Bd3 Qd7 19. Bxf5 Rxf5 20. Rfe1 e6 21. Nc3 Ne5
22. Qc2 Rxg5 23. f4 Rf5 24. fxe5 Rxe5 25. Qd2 Rf8 26. Rf1 Rxf1+ 27. Rxf1 Qc6 28.
Nb5 d5 29. Nxa7 Qc5+ 30. Qf2 Qxf2+ 31. Kxf2 dxc4 32. Nc6 Rc5 33. Nd8 cxb3 34.
axb3 Re5 35. Rc1 Bf6 36. Rc8 Bxd8 37. Rxd8+ Kg7 38. g4 Rd5 39. Rb8 Rb5 40. h4
Rxb3 41. g5 Rb5 42. Rb7+ Kf8 43. Rb8+ Ke7 44. Rb7+ Kd6 45. Rxh7 Ke5 46. Rf7 Rb2+
47. Kg3 Rb3+ 48. Kg2 Rb2+ 49. Kg3 Rb1 50. Rf6 b5 51. Rxg6 b4 52. Rf6 b3 53. Rf2
b2 54. Rg2 Kf5 55. Rf2+ Kg6 56. Kf3 e5 57. Ke2 Rc1 0-1

[Event "Druzynowe Mistrzostwa Polski Juniorow - II liga"]
[Site "Sypniewo k. Jastowia"]
[Date "2024-06-17"]
[Round "4.82"]
[White "Jasinski, Bartlomiej"]
[Black "Lisek, Adam"]
[Result "0-1"]
[WhiteTitle "II"]
[BlackTitle "II"]
[WhiteElo "1489"]
[BlackElo "1502"]

1. d4 Nf6 2. Bf4 c5 3. e3 Nd5 4. Bg3 Qb6 5. b3 Nc6 6. dxc5 Qxc5 7. Bc4 Nb6 8. Nd2
Nxc4 9. Nxc4 d5 10. Ne5 Qc3+ 11. Kf1 Nxe5 12. Ne2 Qc7 13. Qxd5 f6 14. Nd4 Qd7
15. Nb5 Qxd5 16. Nc7+ Kd7 17. Nxd5 Kc6 18. Nb4+ Kc5 19. a3 a5 20. Ke2 Nc6 21.
Rhd1 e5 22. Nd5 Ne7 23. b4+ Kc6 24. b5+ Kc5 25. Nc7 Rb8 26. Rd8 Ng6 27. Ne6+ Kb6
28. Rad1 Be7 29. Rxh8 Nxh8 30. Nxg7 Nf7 31. a4 Nd6 32. f4 Bg4+ 0-1

[Event "Druzynowe Mistrzostwa Polski Juniorow - II liga"]
[Site "Sypniewo k. Jastowia"]
[Date "2024-06-17"]
[Round "4.83"]
[White "Zylak, Emilia"]
[Black "Gac-mytych, Sara"]
[Result "0-1"]
[WhiteTitle "II"]
[BlackTitle "I"]
[WhiteElo "1452"]
[BlackElo "1586"]

1. e4 c6 2. d4 d5 3. exd5 cxd5 4. Bd3 Nc6 5. c3 Qc7 6. Nf3 Bg4 7. Be3 e6 8. Nbd2
Bd6 9. Qc2 Nge7 10. h3 Bf5 11. Bxf5 Nxf5 12. O-O-O b5 13. g4 Nxe3 14. fxe3 Rc8
15. Kb1 a5 16. Nb3 a4 17. Nc5 Bxc5 18. dxc5 Ne5 19. Nxe5 Qxe5 20. Qd3 Rxc5 21.
Qd4 Qxd4 22. exd4 Rc7 23. Kc2 O-O 24. Rc1 Rb8 25. Rh2 b4 26. Kd3 bxc3 27. bxc3
h6 28. h4 g6 29. Rg2 a3 30. Rcg1 Rcb7 31. g5 h5 32. Rh1 Kg7 33. Rf2 Rb2 34. Rhh2
Rxf2 35. Rxf2 Rb1 36. Rh2 f6 37. gxf6+ Kxf6 38. Rf2+ Kg7 39. Rh2 Kh6 40. Re2 Rb2
41. Rxb2 axb2 42. Kc2 b1=Q+ 43. Kxb1 g5 44. hxg5+ Kxg5 45. a4 h4 46. a5 h3 47.
a6 h2 48. a7 h1=Q+ 49. Kb2 Qh8 50. Kb3 Qa8 51. Kb4 Qxa7 52. Kb5 Kf5 53. Kb4 e5
54. dxe5 Kxe5 55. Kb5 Qa3 56. Kb6 Qxc3 0-1

[Event "Druzynowe Mistrzostwa Polski Juniorow - II liga"]
[Site "Sypniewo k. Jastowia"]
[Date "2024-06-17"]
[Round "4.84"]
[White "Kubacka, Patrycja"]
[Black "Dudek, Julia"]
[Result "1-0"]
[WhiteTitle "II"]
[BlackTitle "II"]
[WhiteElo "1430"]
[BlackElo "1408"]

1. e4 e5 2. Nf3 Nc6 3. d4 exd4 4. Bc4 Nf6 5. O-O Nxe4 6. Re1 d5 7. Bxd5 Qxd5 8.
Nc3 Qh5 9. Nxe4 Be6 10. Neg5 O-O-O 11. Nxe6 fxe6 12. Rxe6 Bd6 13. Bd2 Rhf8 14.
Re4 h6 15. Nh4 Qxd1+ 16. Rxd1 g5 17. Nf3 Rde8 18. Rde1 Rxe4 19. Rxe4 Bc5 20. h4
gxh4 21. Rxh4 Rd8 22. Rxh6 Bb4 23. Rxc6 Bxd2 24. Rc4 Ba5 25. Rxd4 Rf8 26. Ne5
Bb6 27. Rd2 c6 28. Nd7 Bxf2+ 29. Rxf2 Rxf2 30. Kxf2 Kxd7 31. Ke3 Ke6 32. Ke4 c5
33. g3 c4 34. g4 b5 35. Kd4 Kf6 36. Kxc4 Kg5+ 37. Kxb5 Kxg4 38. Ka6 Kf5 39. Kxa7
Ke4 40. Kb6 Kd5 41. Kb5 Kd4 42. a4 Ke3 43. a5 Kd2 44. a6 Kxc2 45. a7 Kxb2 46.
a8=Q Kc2 47. Qf3 1-0

[Event "Druzynowe Mistrzostwa Polski Juniorow - II liga"]
[Site "Sypniewo k. Jastowia"]
[Date "2024-06-17"]
[Round "4.85"]
[White "Stupak, Bartosz"]
[Black "Jablonski, Piotr"]
[Result "0-1"]
[WhiteTitle "III"]
[BlackTitle "II"]
[WhiteElo "1431"]
[BlackElo "1570"]

1. e4 c5 2. Nf3 Nc6 3. d4 cxd4 4. Nxd4 g6 5. c4 Nf6 6. Nc3 d6 7. Be2 Nxd4 8. Qxd4
Bg7 9. Qd1 O-O 10. O-O Be6 11. Nd5 Nxe4 12. h4 h5 13. g4 hxg4 14. Bxg4 Bxg4 15.
Qxg4 Nf6 16. Nxf6+ Bxf6 17. h5 Kg7 18. Kg2 Qc8 19. Qf4 Rh8 20. Rh1 Qc6+ 21. f3
Rac8 22. Rb1 Qxc4 23. Qxc4 Rxc4 24. h6+ Kh7 25. Be3 Rc2+ 26. Kg3 a6 27. Rh2 Rhc8
28. Rxc2 Rxc2 29. Rc1 Rxc1 30. Bxc1 g5 31. b3 Kxh6 32. Kg4 Kg6 33. Be3 e5 34.
a4 Be7 35. Bd2 f5+ 36. Kg3 d5 0-1

[Event "Druzynowe Mistrzostwa Polski Juniorow - II liga"]
[Site "Sypniewo k. Jastowia"]
[Date "2024-06-17"]
[Round "4.87"]
[White "Pieszko, Antoni"]
[Black "Wilman, Maciej"]
[Result "1-0"]
[WhiteTitle "II+"]
[BlackTitle "II"]
[WhiteElo "1596"]
[BlackElo "1503"]

1. c4 e5 2. g3 g6 3. Bg2 Bg7 4. Nc3 Nf6 5. d3 Nc6 6. e4 d6 7. Nge2 O-O 8. O-O Be6
9. h3 Qd7 10. Kh2 Ne8 11. Be3 f5 12. f4 Rd8 13. Qd2 Nf6 14. exf5 Bxf5 15. Ne4
Nxe4 16. dxe4 Be6 17. Rac1 a6 18. b3 Qe7 19. a3 Rf7 20. b4 Rdf8 21. b5 axb5 22.
cxb5 Nd8 23. a4 Bd7 24. Rxc7 exf4 25. Nxf4 Be5 26. Rcc1 g5 27. Nd5 Bxg3+ 28. Kg1
Rxf1+ 29. Rxf1 Rxf1+ 30. Bxf1 Qf8 31. Qg2 Be5 32. Bxg5 Bd4+ 33. Be3+ Bg7 34. Bc4
Kh8 35. a5 Qf7 36. a6 bxa6 37. bxa6 Nc6 38. a7 Nxa7 39. Bxa7 Bc6 40. Be3 Qb7 41.
Bf1 Bxd5 42. exd5 Qb3 43. Qg5 h6 44. Qd8+ Kh7 45. Qe7 Qxd5 46. Bg2 Qd1+ 47. Kh2
Qa4 48. Qxd6 Qe8 49. Qd3+ Kh8 50. Bd4 Qb8+ 51. Kh1 Qc7 52. Bxg7+ Qxg7 53. Qd8+
Qg8 54. Qxg8+ Kxg8 55. h4 Kg7 56. Kh2 Kf6 57. Kg3 Kf5 58. Bf1 Ke4 59. Kg4 Ke3
60. Kh5 Kf4 61. Kxh6 Kf5 62. h5 Kf6 63. Bc4 Ke5 64. Kg7 Kd4 65. h6 Kc5 66. h7
Kd6 67. h8=Q Ke5 68. Qh5+ Kd4 69. Qd5+ Ke3 70. Kf6 Kf2 71. Qd3 Ke1 72. Qe2# 1-0

[Event "Druzynowe Mistrzostwa Polski Juniorow - II liga"]
[Site "Sypniewo k. Jastowia"]
[Date "2024-06-17"]
[Round "4.89"]
[White "Obukhava, Anastasiya"]
[Black "Pietrzak, Emilia"]
[Result "1-0"]
[WhiteTitle "I++"]
[BlackTitle "I++"]
[WhiteElo "1814"]
[BlackElo "1760"]

1. c4 e6 2. g3 Nf6 3. Bg2 Be7 4. Nf3 O-O 5. O-O d5 6. b3 c5 7. cxd5 Nxd5 8. Bb2
Nc6 9. d3 Bf6 10. Qc1 b6 11. Rd1 Bb7 12. Nbd2 Bxb2 13. Qxb2 Qe7 14. Nc4 Rfd8 15.
a4 Rac8 16. a5 Qc7 17. axb6 axb6 18. Rac1 Ndb4 19. Ne3 Qe7 20. Nc2 Ra8 21. Nxb4
Nxb4 22. Nd2 Bxg2 23. Kxg2 Ra2 24. Qe5 f6 25. Qe4 e5 26. Nc4 Qe6 27. Ra1 Rda8
28. Rxa2 Rxa2 29. d4 cxd4 30. Rxd4 Qc6 31. Nxe5 Qxe4+ 32. Rxe4 Nc2 33. Nc4 b5
34. Nd6 h6 35. Nxb5 Rb2 36. Nd6 Rxb3 37. Re8+ Kh7 38. Re7 Nd4 39. e3 Nc6 40. Rc7
Ne5 41. Ne8 Rb8 42. Nxf6+ Kg6 43. Nd7 Nxd7 44. Rxd7 Rb4 45. h4 Rc4 46. f4 Kf6
47. Kf3 h5 48. Rd5 g6 49. g4 hxg4+ 50. Kxg4 Re4 51. Re5 Ra4 52. h5 gxh5+ 53. Rxh5
Re4 54. Kf3 Ra4 55. Rb5 Rc4 56. Rb6+ Kf7 57. f5 Ra4 58. e4 Rc4 59. e5 Rc3+ 60.
Kf4 Rc1 61. Rb7+ Kf8 62. Kg5 Rc6 63. e6 Rc1 64. Kf6 Rc8 65. e7+ Ke8 66. Rb6 Ra8
67. Rd6 Rc8 68. Rd8+ 1-0

[Event "Druzynowe Mistrzostwa Polski Juniorow - II liga"]
[Site "Sypniewo k. Jastowia"]
[Date "2024-06-17"]
[Round "4.90"]
[White "Bastrzyk, Kinga"]
[Black "Galinska, Pola"]
[Result "0-1"]
[WhiteTitle "I"]
[BlackTitle "II+"]
[WhiteElo "1519"]
[BlackElo "1568"]

1. e4 c5 2. Nf3 e6 3. Nc3 a6 4. d4 cxd4 5. Nxd4 Qc7 6. Be3 Nf6 7. Qd2 Bb4 8. f3
d6 9. Be2 Nbd7 10. a3 Bxc3 11. bxc3 d5 12. Bd3 dxe4 13. fxe4 Nc5 14. Ne2 Ncxe4
15. Bxe4 Nxe4 16. Qd4 Nf6 17. Bg5 e5 18. Qh4 Nd5 19. Rd1 Be6 20. Qg3 f6 21. Bd2
O-O 22. Bh6 Kh8 23. c4 Nb6 24. c5 Nc4 25. Nd4 Bg8 26. Bc1 Qa5+ 27. Bd2 Nxd2 28.
Rxd2 exd4 29. Qf2 Rfe8+ 30. Kf1 Bc4+ 31. Kg1 Qc3 32. h4 Qe3 33. Qxe3 dxe3 34.
Rd4 e2 35. Kf2 Rad8 36. Rxc4 Rd1 37. Re1 Rd2 38. Rc3 Kg8 39. c6 bxc6 40. Rxc6
a5 41. Rc3 Kf7 42. Rc5 Re4 43. g3 a4 44. Kf3 Re7 45. Rc4 Kg6 46. Rg4+ Kh5 47.
Rc4 Re5 48. Kf2 f5 49. Rc7 Kh6 50. Rc6+ g6 51. Rc4 Kh5 52. Rxa4 Rxc2 53. Ra7 Kh6
54. a4 Ra2 55. a5 Raxa5 56. Rxa5 Rxa5 57. Rxe2 Ra7 58. Kg2 Kh5 59. Rf2 Ra4 60.
Rf3 Kg4 61. Rd3 Ra2+ 62. Kf1 Kh3 63. Ke1 Rg2 64. Rd2 Rxd2 65. Kxd2 Kxg3 66. h5
gxh5 67. Ke1 Kg2 0-1

[Event "Druzynowe Mistrzostwa Polski Juniorow - II liga"]
[Site "Sypniewo k. Jastowia"]
[Date "2024-06-17"]
[Round "4.91"]
[White "Marchewka, Kajetan"]
[Black "Serewa, Antoni"]
[Result "0-1"]
[WhiteTitle "II+"]
[BlackTitle "I"]
[WhiteElo "1743"]
[BlackElo "1890"]

1. e4 c5 2. Nf3 Nc6 3. d4 cxd4 4. Nxd4 e5 5. Nb5 d6 6. N1c3 a6 7. Na3 Be7 8. Nc4
b5 9. Ne3 Nf6 10. Ned5 Nxd5 11. Nxd5 O-O 12. Be3 Rb8 13. g3 Bg5 14. Bg2 Bxe3 15.
Nxe3 Be6 16. O-O Ne7 17. Qd2 Qb6 18. Rad1 Rfd8 19. a3 a5 20. Ra1 a4 21. Rfd1 Qc5
22. Qb4 Qb6 23. Nd5 Bxd5 24. exd5 Rdc8 25. c3 Rc4 0-1

[Event "Druzynowe Mistrzostwa Polski Juniorow - II liga"]
[Site "Sypniewo k. Jastowia"]
[Date "2024-06-17"]
[Round "4.92"]
[White "Rzenca, Jerzy"]
[Black "Jozwiak, Oliwier"]
[Result "1-0"]
[WhiteTitle "I"]
[BlackTitle "II"]
[WhiteElo "1875"]
[BlackElo "1669"]

1. e4 e6 2. d4 d5 3. Nd2 dxe4 4. Nxe4 Bd7 5. Be2 Bc6 6. Bf3 Be7 7. c3 Nf6 8. Ng3
O-O 9. Bd2 Re8 10. Qc2 a5 11. N3e2 Qd7 12. Bxc6 Nxc6 13. f4 Qd5 14. Nf3 Qe4 15.
Qxe4 Nxe4 16. Be3 a4 17. Nd2 Nd6 18. O-O b5 19. Ng3 Na5 20. b3 a3 21. f5 Bf8 22.
Rae1 exf5 23. Nxf5 b4 24. Nxd6 Bxd6 25. c4 c6 26. c5 Bf8 27. Bf2 g6 28. Ne4 Re6
29. Bh4 Bg7 30. Nf6+ Bxf6 31. Bxf6 Rae8 32. Rxe6 Rxe6 33. Be5 Nxb3 34. axb3 a2
35. Ra1 f6 36. Bg3 Re2 37. h3 Rb2 38. Kh2 Rxb3 39. Rxa2 Rd3 40. Bf2 Ra3 41. Rb2
b3 42. Be1 Ra4 43. Rxb3 Rxd4 44. Rb6 Re4 45. Bg3 Rc4 46. Rxc6 Kg7 47. Rc7+ Kh6
48. Bd6 g5 49. c6 Kg6 50. Bf8 Kf5 51. Bd6 Ke6 52. Bg3 f5 53. Rxh7 f4 54. Be1 Rxc6
55. Rh6+ Kd7 56. Rxc6 Kxc6 57. Bc3 Kd5 1-0

[Event "Druzynowe Mistrzostwa Polski Juniorow - II liga"]
[Site "Sypniewo k. Jastowia"]
[Date "2024-06-17"]
[Round "4.93"]
[White "Fajks, Julian"]
[Black "Ozog, Bartosz"]
[Result "0-1"]
[WhiteTitle "II"]
[BlackTitle "I"]
[WhiteElo "1652"]
[BlackElo "1747"]

1. c4 Nf6 2. g3 e6 3. Bg2 g6 4. Nf3 Bg7 5. O-O O-O 6. Nc3 d5 7. d4 c6 8. Bg5 Nbd7
9. c5 b6 10. b4 Qc7 11. Bf4 Qb7 12. Bd6 Re8 13. e3 Bf8 14. Bxf8 Kxf8 15. Re1 Qc7
16. Bf1 a5 17. a3 Ba6 18. Bxa6 Rxa6 19. Qe2 b5 20. Qb2 Rea8 21. Nd2 e5 22. Nf3
Kg8 23. Rad1 e4 24. Nd2 Nh5 25. Ra1 Ndf6 26. Kg2 Ng7 27. Nb3 axb4 28. axb4 Ne6
29. Rxa6 Rxa6 30. Ra1 Rxa1 31. Qxa1 Qc8 32. Qa7 Ng5 33. Kf1 Ng4 34. h4 Qf5 35.
Qb8+ Kg7 36. Qf4 Qxf4 37. exf4 Ne6 38. Kg2 f5 39. Nd1 h6 40. Ne3 Nf6 41. h5 Nxh5
42. f3 Nf6 43. Kf2 Kf7 44. Kg2 Ke7 45. Kf2 Nc7 46. Nd2 Na6 47. Nc2 Ke6 48. Ke2
g5 49. fxg5 hxg5 50. f4 Nh5 51. fxg5 Nxg3+ 52. Kd1 f4 53. Nb3 Kf5 54. Na5 Nb8
55. Nb7 Kxg5 0-1

[Event "Druzynowe Mistrzostwa Polski Juniorow - II liga"]
[Site "Sypniewo k. Jastowia"]
[Date "2024-06-17"]
[Round "5.1"]
[White "Wojdak, Jan"]
[Black "Kusiak, Mateusz"]
[Result "1-0"]
[WhiteTitle "k+"]
[BlackTitle "k"]
[WhiteElo "2149"]
[BlackElo "2120"]

1. e4 c5 2. Nf3 a6 3. c4 Nc6 4. d4 cxd4 5. Nxd4 e5 6. Nf5 d5 7. cxd5 Bxf5 8. exf5
Nd4 9. Nc3 Nf6 10. Bd3 Nxd5 11. O-O Be7 12. Qg4 O-O 13. Bh6 Bf6 14. Nxd5 Qxd5
15. Bxg7 h5 16. Qg3 Bxg7 17. f6 Ne6 18. Bf5 Qd8 19. fxg7 Re8 20. Rfe1 Nd4 21.
Be4 Qf6 22. Rac1 Rac8 23. Rxc8 Rxc8 24. Qh3 Rc7 25. Qxh5 Qxg7 26. h4 Kf8 27. Bd3
Rc6 28. Qg5 Qxg5 29. hxg5 Rc5 30. Be4 b6 31. Rd1 Rb5 32. Rd2 Rc5 33. g3 Kg7 34.
Kg2 Ne6 35. g6 Ng5 36. Bb7 Kxg6 37. Bxa6 Rc6 38. a4 e4 39. Bb7 Rc4 40. b3 Rb4
41. Bd5 f5 42. Bc4 Nf3 43. Rd5 Kf6 44. Kf1 Ne5 45. Rd6+ Kg7 46. Be6 Kf6 47. Bc8+
Kg5 48. Be6 Kf6 49. Bd5+ Kg7 50. Re6 Nd3 51. Re7+ Kf6 52. Rb7 Nc5 53. Rb8 Nxb3
54. Bxb3 Rxb3 55. a5 b5 56. a6 Ra3 57. Ra8 b4 58. a7 Kg7 59. Ke2 b3 60. Kd2 b2
61. Kc2 Rb3 62. Kb1 Rb7 63. Rg8+ 1-0

[Event "Druzynowe Mistrzostwa Polski Juniorow - II liga"]
[Site "Sypniewo k. Jastowia"]
[Date "2024-06-17"]
[Round "5.2"]
[White "Zieba, Hubert"]
[Black "Wierzbicki, Dawid"]
[Result "1/2-1/2"]
[WhiteTitle "I+"]
[BlackTitle "I"]
[WhiteElo "2012"]
[BlackElo "1948"]

1. d4 g6 2. c4 Bg7 3. Nf3 d6 4. g3 c5 5. Bg2 Nc6 6. d5 Na5 7. O-O Nf6 8. Na3 O-O
9. Re1 e6 10. e4 exd5 11. exd5 b6 12. Bd2 Bd7 13. Qc1 Re8 14. Rxe8+ Qxe8 15. Bc3
Qf8 16. Qf4 Nh5 17. Qd2 Nb7 18. Re1 Re8 19. b3 a6 20. Nc2 Nf6 21. Rxe8 Qxe8 22.
Qe1 b5 23. Qxe8+ Nxe8 24. Bxg7 Kxg7 25. Ne3 h6 26. Nd2 b4 27. Be4 f5 28. Bd3 Kf6
29. f4 Nd8 30. Kf2 Nf7 31. Kf3 Ng7 32. h3 a5 1/2-1/2